000 00219nam a22001097a 4500
999 _c172436
_d172436
082 _a
_b
100 _aShakespeare
245 _aKing Henry Fourth/
_cby Shakespeare.
260 _a
_b
_c
650 _a
942 _cBK